Statistics for All Countries that Once Bordered Poland

Click here to take the quiz!

General Stats

  • This quiz has been taken 284 times
    (213 since last reset)
  • The average score is 17 of 21

Answer Stats

TimeCountry% Correct
1919 - 1939, 1945 - 1949, 1990 - presentGermany
99%
1635 - 1795, 1919 - 1922, 1991 - presentRussia
98%
1919 - 1921Central Lithuania
96%
1919 - 1939, 1991 - presentLithuania
96%
1919 - 1922, 1991 - presentUkraine
96%
1991 - presentBelarus
95%
1993 - presentCzech Republic
95%
1939 - 1939, 1993 - presentSlovakia
95%
1635 - 1795Habsburg Empire
91%
1939Hungary
89%
1922 - 1939, 1945 - 1991Soviet Union
87%
1919 - 1939Latvia
84%
1919 - 1939, 1945 - 1993Czechoslovakia
83%
1949 - 1990East Germany
77%
1919 - 1939Romania
74%
1635 - 1721Sweden
72%
1635 - 1795Brandenburg Prussia
69%
1635 - 1655Duchy of Prussia
69%
1919 - 1939Danzig
63%
1635 - 1792Ottoman Empire
48%
1635 - 1653Pomerania
10%

Score Distribution

Percentile by Number Answered

Percent of People with Each Score

Your Score History

You have not taken this quiz since the last reset